000
00336 a2200157 4500
001
171734
020
_a
040
_c
Magnum
100
_a
Azevedo, Ricardo
240
1
0
_a
Parte sempre a mesma parte
_l
por
245
1
0
_a
Parte sempre a mesma parte
362
0
_a
1899
440
1
_a
Melhoramentos
697
_a
I/POESIA
942
_c
BK
999
_c
171734
_d
171734